| 000 | 01356nas a22003615a 4500 | ||
|---|---|---|---|
| 999 |
_c27492 _d27463 |
||
| 005 | 20190529111805.0 | ||
| 008 | 190529c19819999oncau p rb||| 00| a0eng d | ||
| 022 | _a02291134 | ||
| 022 | _a0921604254 (v. IV) | ||
| 037 | _bt. Peter's Print. & Publ. Co., Unit #4, 2395 Cawthra Rd., Mississauga, Ont. L5A 2W8 | ||
| 040 |
_aEG-ScBUE _cEG-ScBUE _dEG-ScBUE |
||
| 043 | _af-ua--- | ||
| 082 | 0 | 4 |
_a281.705 _bCOP _222 |
| 210 | 0 | _aCoptologia | |
| 222 | 0 | _aCoptologia | |
| 245 | 0 | 0 |
_aCoptologia : _bstudia coptica orthodoxa : a research publication in Coptic Orthodox studies. |
| 246 | 1 | 1 | _aGyptologia : epchisbō enremenkīmi enorthodoxos |
| 260 |
_aThunder Bay, Ontario : _bCoptologia publication, _c[1980]- |
||
| 300 |
_av. : _bill., ports. _c24 cm. |
||
| 310 |
_aannual _b(1983- ) |
||
| 321 |
_aSemiannual _b(1981-fall 1982) |
||
| 362 | _aVol. 4 (1983)- | ||
| 500 | _aParallel title romanized from Coptic. | ||
| 500 | _aSubtitle varies. | ||
| 546 | _aText in English only. | ||
| 610 | 1 | 7 |
_aOriental Orthodox churches|z _zEgypt _vPeriodicals. _2BUEsh |
| 610 | 2 | 7 |
_aCoptic Church _vPeriodicals. _2BUEsh |
| 710 | 2 | _aSt. Mark's Coptic Canadian Cultural Centre. | |
| 710 | 2 | _aSociety for Coptic and Ancient Egyptian Studies. | |
| 710 | 2 | _aSaint Mark Foundation. | |
| 710 | 2 | _aSaint Shenouda the Archimandrite Coptic Society. | |
| 942 |
_2ddc _cNB |
||